000 01763cam a22002054a 4500
005 20250605163532.0
008 250528s ||||||||||||||||||||||||d
035 _a21266
020 _a9789603517726
040 _aGR-AtMCL
_bgre
_dGR-AtMCL
_eAACR2
245 1 _aΟ Τομέας των Μεταφορών και οι Συνδυασμένες Εμπορευματικές Μεταφορές / Δεύτερη Έκδοση
250 _a
260 _bΣταμούλης Α,
_c2008
300 _a244
520 _aΣκοπός του βιβλίου είναι η παρουσίαση της πολιτικής της Ευρωπαϊκής Ένωσης για τις συνδυασμένες μεταφορές, καθώς επίσης και μια ανάλυση του τομέα των μεταφορών όπως αυτός εκφράζεται μέσα από τις οδικές, σιδηροδρομικές, αεροπορικές, ποτάμιες και θαλάσσιες μεταφορές. Πρόλογος, Ορολογία, Συντομογραφίες Χωρών, Ο Τομέας των Μεταφορών στην Ε.Ε., Σιδηροδρομικές Μεταφορές, Εσωτερική Ναυσιπλοϊα, Θαλάσσιες Μεταφορές, Οδικές Μεταφορές, Αεροπορικές Μεταφορές, Η Αγορά των Συνδυασμένων Μεταφορών, Η Τεχνολογία των Εμπορευματικών Συνδυασμένων Μεταφορών, Η Ανάπτυξη των Συνδυασμένων Μεταφορών στην Ευρωπαϊκή Ένωση, Βιβλιογραφία.
700 1 _aΣαμπράκος Ευάγγελος
942 _cBK
999 _c6332
_d6332